000 00912nam a2200277 a 4500
001 37034
003 BD-RjUL
005 20211209052554.0
008 141001s1982 ilua b 001 0 eng
020 _a0256024030
035 _a(BD-RjUL)37136
040 _aDLC
_cDLC
_dDLC
_dBD-RjUL
_beng
041 _aeng
082 0 0 _a302
_219
_bCRS 1982
100 1 _aCrano, William D.,
_d1942-
_97530
245 1 0 _aSocial psychology :
_bprinciples and themes of interpersonal behavior /
_cWilliam D. Crano, Lawrence A. Messé.
260 _aHomewood, Ill. :
_bDorsey Press,
_c1982.
300 _axv, 559 p. :
_bill. ;
_c25 cm.
504 _aIncludes bibliography: p. 508-538 and indexes.
650 0 _aSocial psychology.
_9113200
700 1 _aMessé, Lawrence A.
_q(Lawrence Allen)
_97533
942 _2ddc
_cBK
999 _c37034
_d37034